| 000 | 00764nam a2200253Ia 4500 | ||
|---|---|---|---|
| 003 | OSt | ||
| 005 | 20221005025413.0 | ||
| 006 | a|||||r|||| 00| 0 | ||
| 007 | ta | ||
| 008 | 221004b |||||||| |||| 00| 0 hin d | ||
| 020 |
_a81 7046 276 2 (pbk) _c150 |
||
| 024 | _a19189 | ||
| 037 |
_b43734, 26/03/2015, Segment Book Distributors _cTextual |
||
| 040 |
_aCRL _cCRL _bhin |
||
| 041 |
_2hin _ahin |
||
| 082 | _aO152,2N23,AB, 111P6 | ||
| 100 | _aTanvir Habib | ||
| 245 | 0 | _aAgra bazaar | |
| 260 |
_aCalcutta _bSeagull India _c2006 |
||
| 300 |
_axii,92p. _ccm. |
||
| 650 |
_aHINDI LITERATURE _923866 |
||
| 942 |
_hO152,2N23,AB, 111P6 _cTEXL _2cc |
||
| 999 |
_c934658 _d934658 |
||